Estudios militares (Record no. 161780)

MARC details
000 -LEADER
campo de control de longitud fija 00859nam a22001935i 4500
001 - NÚMERO DE CONTROL
campo de control 161780
003 - IDENTIFICADOR DE NÚMERO DE CONTROL
campo de control ES-MaACL
005 - FECHA Y HORA DE LA ÚLTIMA TRANSACCIÓN
campo de control 20230906212346.0
008 - DATOS DE LONGITUD FIJA--INFORMACIÓN GENERAL
campo de control de longitud fija 950206s1872 sp a |||| | spa d
040 ## - FUENTE DE CATALOGACIÓN
Centro catalogador/agencia de origen AS
Lengua de catalogación spa
Centro/agencia transcriptor CCPB | PA2
100 1# - ENTRADA PRINCIPAL--NOMBRE DE PERSONA
Nombre de persona Pérez de Castro, Mariano.
9 (RLIN) 131483
245 10 - MENCIÓN DEL TÍTULO
Título Estudios militares
Resto del título : origen y progresos del arte de la guerra en España desde la época celtibérica hasta la terminación de la Edad Media /
Mención de responsabilidad, etc. por Mariano Pérez de Castro.
260 ## - PUBLICACIÓN, DISTRIBUCIÓN, ETC.
Lugar de publicación, distribución, etc. Madrid :
Nombre del editor, distribuidor, etc. [s.n.],
Fecha de publicación, distribución, etc. 1872 (
Fabricante Imprenta y Litografía del Depósito de la Guerra)
300 ## - DESCRIPCIÓN FÍSICA
Extensión 223 p., 19 h. de lám. pleg. :
Otras características físicas il. ;
Dimensiones 24 cm.
651 ## - PUNTO DE ACCESO ADICIONAL DE MATERIA--NOMBRE GEOGRÁFICO
Nombre geográfico España-
Subdivisión general Historia militar-
Subdivisión cronológica Hasta S. XV.
9 (RLIN) 223537
752 ## - ENTRADA AGREGADA--NOMBRE JERÁRQUICO DEL LUGAR
País o entidad superior España -
Ciudad Madrid
852 ## - LOCALIZACIÓN
Ubicación ES-MaACL
Número de control de estantería T-248-F-3
Nota libre -- Enc. hol.
condición física -- Falto de la cub. original
Nota libre -- Enc. en un vol. facticio
Holdings
Estatus retirado Estado de pérdida Estado de daño No para préstamo Colección Biblioteca de origen Biblioteca actual Ubicación en estantería Fecha de adquisición Total de préstamos Signatura topográfica completa Código de barras Visto por última vez Precio de reemplazo Tipo de ítem Koha
        Colección de folletos Biblioteca del Ateneo de Madrid Biblioteca del Ateneo de Madrid Depósito folletos 17/01/2008   T-248-F-3 1169466 23/02/2023 23/02/2023 Folleto